Quizzes
Events
Quiz Creation
Community
Videos
Private Events
Remove Ads
Sign In
Join for FREE
Feedback
Dark Mode
Quiz Categories
Sports
Geography
Music
Movies
Television
Just For Fun
Miscellaneous
History
Literature
Language
Science
Gaming
Entertainment
Religion
Holiday
For Kids
Quiz Lab
Recent
Popular Today
Quiz Kudos Today
Editor Picks
Curator Picks
Quizzes by...
Day
Popularity
Type
Ratings
Length
Year
Community
Subscriptions
Recent Discussions
Orange Saloon
Badges
Playlists
Quests
Create
Leaderboards
Showdown
Live 5
Trivia Bingo
Activity
Puzzle Library
Sporcle Events
Private Events
Virtual Trivia
Globe League
Become a Host
Pub Owners
SporcleCon
Opinionation
Our Games
Videos
Blog
Mobile Apps
Partnerships
Remove Ads and Go Orange
Feedback
Music
Pop Music
The Beatles
Song
Album
Lyrics
Bands
Singers
Artist
Clip
Rock
Rap
Classical
Billboard
Country Music
Kpop
Taylor Swift
Music
Pop Music
The Beatles
Song
Album
Lyrics
Bands
Singers
Artist
Clip
Rock
Rap
Classical
Billboard
Country Music
Kpop
Taylor Swift
Random Quiz
Search Sporcle
×
Quiz Lab
Quiz Lab
Music
Opera
Type in answers that appear in a list
Type in answers that appear in a list
Classic
Best Score? Go Orange.
Operas by Handel Stats
Can you name the Operas by Handel?
By
Molitor
15m
48 Questions
134 Plays
134 Plays
134 Plays
Comments
Comments
Give Quiz Kudos
Give Quiz Kudos
-
- Ratings
hide this ad
Replay
Link that replays current quiz
Next Quiz
Link to next quiz in quiz playlist
You Got
0%
They Got
Avg Score
70%
Avg Friend Score
Upgrade to see
Score Distribution
Jump to the score distribution portion of the page
Score
0/48
Timer
15:00
0
Plays Today
Year
Name
% Correct
1724
Giulio Cesare
97.7%
1711
Rinaldo
91.7%
1735
Alcina
91%
1738
Serse
88%
1733
Orlando
87.2%
1735
Ariodante
83.5%
1709/
1710
Agrippina
82%
1725
Rodelinda
81.2%
1744
Semele
81.2%
1724
Tamerlano
80.5%
1718
Acis and Galatea
77.4%
1720
Radamisto
76.7%
1732
Ezio
75.2%
1705
Almira
72.9%
1737
Berenice
72.9%
1713
Teseo
72.2%
1705
Nero
71.4%
1730
Partenope
71.4%
1726
Alessandro
70.7%
1723
Flavio
69.9%
1715
Amadigi di Gaula
69.2%
1731
Poro
69.2%
1740
Imeneo
69.2%
1727
Admeto
68.4%
Year
Name
% Correct
1721
Floridante
67.7%
1723
Ottone
67.7%
1728
Tolomeo
67.7%
1741
Deidamia
67.7%
1750
Alceste
66.9%
1707
Rodrigo
66.2%
1729
Lotario
66.2%
1736
Atalanta
66.2%
1712
Il pastor fido
65.4%
1713
Silla
64.7%
1727
Riccardo Primo
63.9%
1738
Faramondo
63.2%
1732
Sosarme
62.4%
1726
Scipione
60.9%
1728
Siroe
60.2%
1734
Oreste
60.2%
1737
Giustino
60.2%
1737
Arminio
59.4%
1708
Daphne
58.6%
1734
Arianna in Creta
57.9%
1708
Florindo
57.1%
1739
Giove in Argo
56.4%
1721
Muzio Scevola
53.4%
1738
Alessandro Severo
50.4%
Quiz Playlist
Details
Report
Send in Message
Add To Playlist
Classic:
Type in answers that appear in a list
Last Updated: Feb 16, 2017
Quiz Scoreboard
CHALLENGE
Sign Up to Join the Scoreboard
Show All
Scores
Hide
Comments
May contain spoilers
Recently Published
Popular People in 1961
by mucciniale
History
6m
1-10 Letter E Words III
by El_Dandy
Language
2m
One Thing in Common: World Cities II
by knightlancer
Geography
7m
More to Explore
Quiz From the Vault
Featured Blog Post
Where Did the Easter Bunny Come From?
hide this ad
You Might Also Like...
Tags
handel
librettist
Opera
Today's Top Quizzes in Music
Browse Music
hide this ad
Today's Top Quizzes in Opera
Browse Opera
Top Contributed Quizzes in Music
1
Taylor Swift All Songs (2024)
2
2010s Album by Cover III
3
Taylor Swift Logic Puzzle
4
One Thing in Common: Music
5
Guess the Artist- 70s Songs
6
Guess the Taylor Swift song (Mystery Song)
7
2010s Album by Cover V
8
2010s Album by Cover IV
9
Lana Del Rey Discography (BTD to DYKTTATUOB)
10
KPOP LOGIC QUIZ
Explore More
Trending Topics
Crossword
Anime
Kpop
Marvel
Harry Potter
NBA
Disney
Country
Soccer
WWE
Pokémon
NFL
Song
Puzzle
The Office
hide this ad
More By:
Molitor
Quiz
Plays
Rating
Category
Featured
Created
Operas by Handel
134
5.00
Music
Jan 17, 2012
Go to Creator's Profile
Score Distribution
Quiz Creator Spotlight
Molitor
Follow
Send a Message
Quizzes Created
-
Created Quiz Play Count
-
More By This Creator
Popular Quizzes Today
1
Find the US States - No Outlines Minefield
2
The Countries of the World
3
Find the Countries of Europe - No Outlines Minefield
4
Popular People in 1961
5
1-10 Letter E Words III
6
Find the US States
7
One Thing in Common: World Cities II
8
US States
More Music Quizzes
Missing Word Crossword: Taylor Swift songs
Quiz Lab
Trending Quizzes
Risky Map Clicking: Least Populous States A-Z
1-10 Letter F Words
1-10 Letter G Words
One Thing in Common: United Kingdom
Risky Map Clicking: Next State Alphabetically
Recently Updated
Leaping Animals
pecheneg
Reality TV Shows (A-Z)
bhenderson79
Rickey Henderson's Hall of Fame Teammates
pecheneg
Champions League XIs: Arsenal
pecheneg
Quick Pick: Celebrities in WWE's Hall of Fame
aduchscher
A-Z Keypad Blitz II
pecheneg
Multiple Oscar Actors
pecheneg
Mystery Phrase Blitz: Oscar 'Best Actors'
pecheneg
F. Scott Fitzgerald Novels
LTH
Pick 3 Villains
ddd62291
Trending Topics
Crossword
Kpop
NBA
Harry Potter
Marvel
Anime
Disney
Soccer
WWE
Country
Song
The Office
Pokémon
Puzzle
NFL
Your Account Isn't Verified!
In order to create a playlist on Sporcle, you need to verify the email address you used during registration. Go to your
Sporcle Settings
to finish the process.
Report this User
Report this user for behavior that violates our
Community Guidelines
.
Details:
Send Report
Go to the Sporcle.com Mobile Site →
Comments